Personnages de Yakuza 0 - Mort subite - Statistiques

Statistiques générales
  • Ce quiz a été pris 40 fois
  • Le résultat moyen est 10 sur 25
Answers on the Grid
Answers color-coded by a green-red scale on the quiz's grid according to % correct below.
Kazuma Kiryu
Goro Majima
Haruka Sawamura
Akira Nishikiyama
Daisaku Kuze
Hiroki Awano
Keiji Shibusawa
Rikiya Shimabukuro
Reina
Jun Oda
Makoto Makimura
Tetsu Tachibana
Sohei Dojima
Osamu Kashiwagi
Sotaro Komaki
Andre Richardson
Yoshitaka Mine
Joji Kazama
Shintaro Kazama
Shigeru Nakahara
Ichiban Kasuga
Mikio Aragaki
Kaoru Sayama
Jin Goda
Wen Hai Lee
Lao Gui
Tsukasa Sagawa
Futoshi Shimano
Masaru Sera
Yayoi Dojima
Toranosuke Sengoku
Goh Hamazaki
Lau Ka Long
Koji Shindo
Bacchus
Yukio Terada
Tetsuo Tamashiro
Yumi Sawamura
Makoto Date
Tsuyoshi Kanda
Fei Hu
Kyohei Jingu
Takashi Nihara
Matsushige
Yamagata
Yoneda
Kazuki
Yuya
Shun Akiyama
Homare Nishitani
 
Statistiques - réponses
Réponse % Correct
Kazuma Kiryu
100%
Goro Majima
95%
Keiji Shibusawa
68%
Akira Nishikiyama
63%
Daisaku Kuze
63%
Hiroki Awano
63%
Makoto Makimura
63%
Jun Oda
53%
Sohei Dojima
53%
Tetsu Tachibana
53%
Osamu Kashiwagi
42%
Reina
42%
Tsukasa Sagawa
37%
Lao Gui
32%
Shintaro Kazama
32%
Futoshi Shimano
26%
Wen Hai Lee
26%
Masaru Sera
21%
Sotaro Komaki
21%
Bacchus
16%
Fei Hu
16%
Homare Nishitani
11%
Yamagata
11%
Yoneda
5%
Takashi Nihara
0%
Aucun quiz correspondant
Distribution des résultats
% des personnes avec chaque résultat
Percentile par nombre de réponses
Votre historique - résultats
Vous n’avez pas pris ce quiz